| 000 -LEADER |
| fixed length control field |
02951cam a2200325 a 4500 |
| 001 - CONTROL NUMBER |
| control field |
2111387 |
| 003 - CONTROL NUMBER IDENTIFIER |
| control field |
OSt |
| 005 - DATE AND TIME OF LATEST TRANSACTION |
| control field |
20190809110738.0 |
| 008 - FIXED-LENGTH DATA ELEMENTS--GENERAL INFORMATION |
| fixed length control field |
180625r20142003nyu b 001 0 eng d |
| 020 ## - INTERNATIONAL STANDARD BOOK NUMBER |
| International Standard Book Number |
9780062301673 |
| Qualifying information |
(pbk.) : |
| 020 ## - INTERNATIONAL STANDARD BOOK NUMBER |
| International Standard Book Number |
0062301675 |
| Qualifying information |
(pbk.) |
| 040 ## - CATALOGING SOURCE |
| Original cataloging agency |
YDXCP |
| Language of cataloging |
eng |
| Transcribing agency |
KH8 |
| 042 ## - AUTHENTICATION CODE |
| Authentication code |
nbic |
| 082 04 - DEWEY DECIMAL CLASSIFICATION NUMBER |
| Classification number |
808 FOS |
| 100 1# - MAIN ENTRY--PERSONAL NAME |
| Personal name |
Foster, Thomas C. |
| Relator term |
author |
| 245 10 - TITLE STATEMENT |
| Title |
How to read literature like a professor : |
| Remainder of title |
a lively and entertaining guide to reading between the lines / |
| Statement of responsibility, etc. |
Thomas C. Foster. |
| 246 31 - VARYING FORM OF TITLE |
| Title proper/short title |
A lively and entertaining guide to reading between the lines. |
| 250 ## - EDITION STATEMENT |
| Edition statement |
rev ed. |
| 260 ## - PUBLICATION, DISTRIBUTION, ETC. |
| Place of publication, distribution, etc. |
New York, New York : |
| Name of publisher, distributor, etc. |
Harper Perennial, |
| Date of publication, distribution, etc. |
2014,c2003. |
| 300 ## - PHYSICAL DESCRIPTION |
| Extent |
xxx, 336 p. : |
| Other physical details |
ill ; |
| Dimensions |
21 cm. |
| 500 ## - GENERAL NOTE |
| General note |
First published: 2003. |
| 504 ## - BIBLIOGRAPHY, ETC. NOTE |
| Bibliography, etc. note |
Includes bibliographical references and index. |
| 505 0# - FORMATTED CONTENTS NOTE |
| Title |
Introduction : how'd he do that? -- |
| -- |
Every trip is a quest (except when it's not) -- |
| -- |
Nice to eat with you : acts of communion -- |
| -- |
Nice to eat you : acts of vampires -- |
| -- |
Now, where have I seen her before? -- |
| -- |
When in doubt, it's from Shakespeare -- |
| -- |
Or the Bible -- |
| -- |
Hanseldee and Greteldum -- |
| -- |
It's Greek to me -- |
| -- |
It's more than just rain or snow -- |
| -- |
Never stand next to the hero -- |
| -- |
Interlude : does he mean that? -- |
| -- |
More than it's gonna hurt you : concerning violence -- |
| -- |
Is that a symbol? -- |
| -- |
It's all political -- |
| -- |
Yes, she's a Christ figure, too -- |
| -- |
Flights of fancy -- |
| -- |
It's all about sex -- |
| -- |
Except sex -- |
| -- |
If she comes up, it's Baptism -- |
| -- |
Geography matters -- |
| -- |
So does season -- |
| -- |
Interlude : one story -- |
| -- |
Marked for greatness -- |
| -- |
He's blind for a reason, you know -- |
| -- |
It's never just heart disease and rarely just illness -- |
| -- |
Don't read with your eyes -- |
| -- |
It's my symbol and I'll cry if I want to -- |
| -- |
Is he serious? and other ironies -- |
| -- |
A test case -- |
| -- |
Postlude : who's in charge here? |
| 520 ## - SUMMARY, ETC. |
| Summary, etc. |
What does it mean when a fictional hero takes a journey? Shares a meal? Get drenched in a sudden rain shower? Often, there is much more going on in a novel or poem than is readily visible on the surface -- a symbol, maybe, that remains elusive, or an unexpected twist on a character - and there's that sneaking suspicion that the deeper meaning of a literary text keeps escaping you. In this practical and amusing guide to literature, Thomas C. Foster shows how easy and gratifying it is to unlock those hidden truths, and to discover a world where a road leads to a quest a shared meal may signify a communion and rain, whether cleansing or destructive, is never just rain. Ranging from major themes to literary models, narrative devices, and form, How to Read Literature Like a Professor is the perfect companion for making your reading experience more enriching, satisfying, and fun. |
| 650 #0 - SUBJECT ADDED ENTRY--TOPICAL TERM |
| Topical term or geographic name entry element |
Books and reading. |
| 650 #0 - SUBJECT ADDED ENTRY--TOPICAL TERM |
| Topical term or geographic name entry element |
Criticism. |
| 650 #0 - SUBJECT ADDED ENTRY--TOPICAL TERM |
| Topical term or geographic name entry element |
Literature |
| General subdivision |
History and criticism. |
| 650 #0 - SUBJECT ADDED ENTRY--TOPICAL TERM |
| Topical term or geographic name entry element |
Literature. |
| Form subdivision |
Explication |
| 942 ## - ADDED ENTRY ELEMENTS (KOHA) |
| Source of classification or shelving scheme |
|
| Koha item type |
Books - Non Ficton |